<?xml version="1.0" encoding="UTF-8"?>
<record
    xmlns:xsi="http://www.w3.org/2001/XMLSchema-instance"
    xsi:schemaLocation="http://www.loc.gov/MARC21/slim http://www.loc.gov/standards/marcxml/schema/MARC21slim.xsd"
    xmlns="http://www.loc.gov/MARC21/slim">

  <leader>01107nam a22002657a 4500</leader>
  <controlfield tag="003">NALT</controlfield>
  <controlfield tag="005">20260119150708.0</controlfield>
  <controlfield tag="008">230803b        th ||||| |||| 00| 0 tha d</controlfield>
  <datafield tag="020" ind1=" " ind2=" ">
    <subfield code="a">9786164415393</subfield>
  </datafield>
  <datafield tag="040" ind1=" " ind2=" ">
    <subfield code="a">NALT</subfield>
  </datafield>
  <datafield tag="050" ind1=" " ind2=" ">
    <subfield code="a">BF 698</subfield>
    <subfield code="b">&#xE23;123&#xE2A; 2562</subfield>
  </datafield>
  <datafield tag="100" ind1="0" ind2=" ">
    <subfield code="9">55327</subfield>
    <subfield code="a">&#xE23;&#xE13;&#xE0A;&#xE31;&#xE22; &#xE18;&#xE23;&#xE23;&#xE21;&#xE1B;&#xE23;&#xE35;&#xE14;&#xE32;</subfield>
  </datafield>
  <datafield tag="245" ind1="1" ind2="0">
    <subfield code="a">10 &#xE02;&#xE31;&#xE49;&#xE19;&#xE15;&#xE2D;&#xE19;&#xE40;&#xE1B;&#xE25;&#xE35;&#xE48;&#xE22;&#xE19;&#xE1A;&#xE38;&#xE04;&#xE25;&#xE34;&#xE01; /</subfield>
    <subfield code="c">&#xE23;&#xE13;&#xE0A;&#xE31;&#xE22; &#xE18;&#xE23;&#xE23;&#xE21;&#xE1B;&#xE23;&#xE35;&#xE14;&#xE32;.</subfield>
  </datafield>
  <datafield tag="260" ind1=" " ind2=" ">
    <subfield code="a">&#xE01;&#xE23;&#xE38;&#xE07;&#xE40;&#xE17;&#xE1E;&#xE2F; :</subfield>
    <subfield code="b">&#xE40;&#xE1E;&#xE0A;&#xE23;&#xE1B;&#xE23;&#xE30;&#xE01;&#xE32;&#xE22;,</subfield>
    <subfield code="c">2562.</subfield>
  </datafield>
  <datafield tag="300" ind1=" " ind2=" ">
    <subfield code="a">224 &#xE2B;&#xE19;&#xE49;&#xE32; : </subfield>
    <subfield code="b">&#xE20;&#xE32;&#xE1E;&#xE1B;&#xE23;&#xE30;&#xE01;&#xE2D;&#xE1A; ; </subfield>
    <subfield code="c">21 &#xE0B;&#xE21;.</subfield>
  </datafield>
  <datafield tag="650" ind1=" " ind2="4">
    <subfield code="9">7747</subfield>
    <subfield code="a">&#xE01;&#xE32;&#xE23;&#xE1E;&#xE31;&#xE12;&#xE19;&#xE32;&#xE15;&#xE19;&#xE40;&#xE2D;&#xE07;</subfield>
  </datafield>
  <datafield tag="650" ind1=" " ind2="0">
    <subfield code="a">&#xE01;&#xE32;&#xE23;&#xE1E;&#xE31;&#xE12;&#xE19;&#xE32;&#xE1A;&#xE38;&#xE04;&#xE25;&#xE34;&#xE01;&#xE20;&#xE32;&#xE1E;</subfield>
    <subfield code="9">25065</subfield>
  </datafield>
  <datafield tag="650" ind1=" " ind2="4">
    <subfield code="9">22879</subfield>
    <subfield code="a">&#xE1A;&#xE38;&#xE04;&#xE25;&#xE34;&#xE01;&#xE20;&#xE32;&#xE1E;</subfield>
  </datafield>
  <datafield tag="850" ind1=" " ind2=" ">
    <subfield code="a">NALT</subfield>
  </datafield>
  <datafield tag="942" ind1=" " ind2=" ">
    <subfield code="c">GB</subfield>
    <subfield code="2">lcc</subfield>
  </datafield>
  <datafield tag="996" ind1=" " ind2=" ">
    <subfield code="a">chunbijaya.r</subfield>
    <subfield code="b">CATSTF	</subfield>
    <subfield code="c">2023-08-03</subfield>
  </datafield>
  <datafield tag="996" ind1=" " ind2=" ">
    <subfield code="a">areerat.v</subfield>
    <subfield code="b">CATSTF	</subfield>
    <subfield code="c">2023-08-04</subfield>
  </datafield>
  <datafield tag="999" ind1=" " ind2=" ">
    <subfield code="c">102410</subfield>
    <subfield code="d">102410</subfield>
  </datafield>
  <datafield tag="998" ind1=" " ind2=" ">
    <subfield code="j">1020</subfield>
    <subfield code="k"> &#xE19;&#xE32;&#xE07;&#xE08;&#xE33;&#xE40;&#xE23;&#xE35;&#xE22;&#xE07;  &#xE23;&#xE30;&#xE27;&#xE31;&#xE07;&#xE2A;&#xE33;&#xE42;&#xE23;&#xE07;</subfield>
  </datafield>
  <datafield tag="952" ind1=" " ind2=" ">
    <subfield code="0">0</subfield>
    <subfield code="1">0</subfield>
    <subfield code="2">lcc</subfield>
    <subfield code="4">0</subfield>
    <subfield code="7">0</subfield>
    <subfield code="8">CGBL</subfield>
    <subfield code="a">NALT</subfield>
    <subfield code="b">NALT</subfield>
    <subfield code="c">GEN</subfield>
    <subfield code="d">2023-08-03</subfield>
    <subfield code="l">1</subfield>
    <subfield code="o">BF 698 &#xE23;123&#xE2A; 2562</subfield>
    <subfield code="p">3961223288</subfield>
    <subfield code="r">2024-05-08 00:00:00</subfield>
    <subfield code="s">2024-05-08</subfield>
    <subfield code="w">2023-08-03</subfield>
    <subfield code="y">GB</subfield>
  </datafield>
</record>
